Political Institutions In Ancient India : (Record no. 168156)

MARC details
000 -LEADER
fixed length control field 00632nam a22001817a 4500
005 - DATE AND TIME OF LATEST TRANSACTION
control field 20190927124403.0
010 ## - LCCN (DPL NO)
LC control number ENG-126574
020 ## - INTERNATIONAL STANDARD BOOK NUMBER
Terms of availability 350.00
International Standard Book Number 9788178443485
035 ## - SYSTEM CONTROL NUMBER
System control number EN-110106
037 ## - SOURCE OF ACQUISITION
Source of stock number/acquisition DBAD/PUB
082 ## - DEWEY DECIMAL CLASSIFICATION NUMBER
Classification number 320.0954
245 ## - TITLE STATEMENT
Title Political Institutions In Ancient India :
Statement of responsibility, etc Edited by Mohan Singh Saggu
Remainder of title A Compendium /
260 ## - PUBLICATION, DISTRIBUTION, ETC. (IMPRINT)
Place of publication, distribution, etc New Delhi
Name of publisher, distributor, etc K.K. Publications
Date of publication, distribution, etc 2018
270 ## - ADDRESS
City New Delhi
Address 4806/24 , Bharat Ram , Daryaganj
Postal code 110002
Telephone number 011-47340207 , 23285167
Electronic mail address kkdevinder@vsnl.net
300 ## - PHYSICAL DESCRIPTION
Extent viii168p.
Dimensions 23cm,(hbk)
700 ## - ADDED ENTRY--PERSONAL NAME
Personal name Saggu , Mohan Singh
942 ## - ADDED ENTRY ELEMENTS (KOHA)
Source of classification or shelving scheme Dewey Decimal Classification
Item type English Books
Classification part 320.0954
Call number suffix SAG
Holdings
Withdrawn status Lost status Not for loan Collection code Home library Current library Date acquired Source of acquisition Cost, normal purchase price Full call number Barcode Copy number Cost, replacement price Koha item type
      Non-fiction Andrews Gunj Andrews Gunj 27/09/2019 DBAD/PUB 350.00 320.0954 SAG EN-110106 1 350.00 English Books

© Delhi Public Library
Hit Counter
free hit counter